Babamın Gözleri Kedi Gözleri (Record no. 660865)

MARC details
000 -LEADER
sabit uzunluktaki kontrol alanı 00246nam a2200097Ia 4500
001 - KONTROL NUMARASI
kontrol alanı 660865
005 - EN SON İŞLEMİN TARİH VE ZAMANI
kontrol alanı 20250826160122.0
008 - SABİT-UZUNLUKTA VERİ ÖĞELERİ--GENEL BİLGİ
sabit uzunluktaki kontrol alanı 250824s9999 xx 000 0 und d
245 #0 - ESER / YAZAR
ESER ADI Babamın Gözleri Kedi Gözleri
Yazar Adı Sevim Ak
260 ## - YAYIN, DAĞITIM, VB.
YAYIN EVİ CAN YAYINLARI
Holdings
Düşüm durumu Kayıp durumu Hasar Durumu Ödünç verilmez Ana kütüphane Geçerli Kütüphane Edinilen tarih Toplam ödünç verme sayısı Barkod Son görüntüleme tarihi Son ödünç verme tarihi Fiyatın geçerli olmaya başladığı tarih Koha materyal türü
        SELÇUKLU İMAM HATİP ORTAOKULU SELÇUKLU İMAM HATİP ORTAOKULU 24.08.2025 1 1012561 30.10.2025 17.10.2025 26.08.2025 Books